| 000 -LEADER | |
|---|---|
| fixed length control field | 00820nam a22002655i 4500 |
| 001 - CONTROL NUMBER | |
| control field | 21546970 |
| 003 - CONTROL NUMBER IDENTIFIER | |
| control field | OSt |
| 005 - DATE AND TIME OF LATEST TRANSACTION | |
| control field | 20250417104417.0 |
| 008 - FIXED-LENGTH DATA ELEMENTS--GENERAL INFORMATION | |
| fixed length control field | 200529s2020 inu 000 0 eng |
| 010 ## - LIBRARY OF CONGRESS CONTROL NUMBER | |
| LC control number | 2020939707 |
| 020 ## - INTERNATIONAL STANDARD BOOK NUMBER | |
| International Standard Book Number | 9781119660453 |
| Qualifying information | (paperback) |
| 040 ## - CATALOGING SOURCE | |
| Original cataloging agency | DLC |
| Language of cataloging | eng |
| Description conventions | rda |
| Transcribing agency | KCST |
| 042 ## - AUTHENTICATION CODE | |
| Authentication code | pcc |
| 082 ## - DEWEY DECIMAL CLASSIFICATION NUMBER | |
| Classification number | 005.1 |
| Item number | Bu An |
| 100 1# - MAIN ENTRY--PERSONAL NAME | |
| Personal name | Burd, Barry, |
| Relator term | author. |
| 9 (RLIN) | 5683 |
| 245 10 - TITLE STATEMENT | |
| Title | Android application development All-In-One for dummies : |
| Remainder of title | 6 books in one! / |
| Statement of responsibility, etc. | Barry Burd, John Paul Mueller. |
| 250 ## - EDITION STATEMENT | |
| Edition statement | 3 |
| 260 ## - PUBLICATION, DISTRIBUTION, ETC. | |
| Place of publication, distribution, etc. | Indianapolis : |
| Name of publisher, distributor, etc. | John Wiley and Sons, |
| Date of publication, distribution, etc. | 2020 |
| 300 ## - PHYSICAL DESCRIPTION | |
| Extent | 782 p. |
| 650 ## - SUBJECT ADDED ENTRY--TOPICAL TERM | |
| Topical term or geographic name entry element | Android (Electronic resource) |
| 9 (RLIN) | 777 |
| 650 ## - SUBJECT ADDED ENTRY--TOPICAL TERM | |
| Topical term or geographic name entry element | Application software |
| Form subdivision | Development. |
| 9 (RLIN) | 4950 |
| 650 ## - SUBJECT ADDED ENTRY--TOPICAL TERM | |
| Topical term or geographic name entry element | Mobile computing. |
| 9 (RLIN) | 5684 |
| 700 1# - ADDED ENTRY--PERSONAL NAME | |
| Personal name | Paul Mueller, John, |
| Relator term | author. |
| 9 (RLIN) | 5685 |
| 942 ## - ADDED ENTRY ELEMENTS (KOHA) | |
| Source of classification or shelving scheme | Dewey Decimal Classification |
| Koha item type | Book |
| Withdrawn status | Lost status | Source of classification or shelving scheme | Damaged status | Not for loan | Home library | Current library | Date acquired | Cost, normal purchase price | Total checkouts | Full call number | Barcode | Date last seen | Cost, replacement price | Price effective from | Koha item type |
|---|---|---|---|---|---|---|---|---|---|---|---|---|---|---|---|
| Dewey Decimal Classification | KCST Library | KCST Library | 22/03/2022 | 7.20 | 005.1 Bu An | 1000001057 | 22/03/2022 | 7.20 | 22/03/2022 | Book |